<?xml version="1.0" encoding="UTF-8"?>
<record
    xmlns:xsi="http://www.w3.org/2001/XMLSchema-instance"
    xsi:schemaLocation="http://www.loc.gov/MARC21/slim http://www.loc.gov/standards/marcxml/schema/MARC21slim.xsd"
    xmlns="http://www.loc.gov/MARC21/slim">

  <leader>01214nam a22002177a 4500</leader>
  <controlfield tag="005">20180110113922.0</controlfield>
  <datafield tag="010" ind1=" " ind2=" ">
    <subfield code="a">HIN-109190     B-666762</subfield>
  </datafield>
  <datafield tag="020" ind1=" " ind2=" ">
    <subfield code="c">400.00</subfield>
    <subfield code="a">9788188380334</subfield>
  </datafield>
  <datafield tag="035" ind1=" " ind2=" ">
    <subfield code="a">HN-81536</subfield>
  </datafield>
  <datafield tag="035" ind1=" " ind2=" ">
    <subfield code="a">B-666762</subfield>
  </datafield>
  <datafield tag="037" ind1=" " ind2=" ">
    <subfield code="b">DPL/PUB</subfield>
    <subfield code="a">HN</subfield>
  </datafield>
  <datafield tag="082" ind1=" " ind2=" ">
    <subfield code="a">000</subfield>
  </datafield>
  <datafield tag="100" ind1=" " ind2=" ">
    <subfield code="a">&#x938;&#x902;&#x91C;&#x92F; &#x92D;&#x94B;&#x932;&#x93E; '&#x927;&#x940;&#x930;'</subfield>
  </datafield>
  <datafield tag="245" ind1=" " ind2=" ">
    <subfield code="a">&#x926;&#x947;&#x936; -&#x935;&#x93F;&#x926;&#x947;&#x936; &#x915;&#x93E; &#x938;&#x93E;&#x92E;&#x93E;&#x928;&#x94D;&#x92F; &#x91C;&#x94D;&#x91E;&#x93E;&#x928; &#x90F;&#x935;&#x902; &#x92E;&#x928;&#x94B;&#x930;&#x902;&#x91C;&#x915; &#x924;&#x925;&#x94D;&#x92F; /</subfield>
    <subfield code="c">&#x938;&#x902;&#x91C;&#x92F; &#x92D;&#x94B;&#x932;&#x93E; '&#x927;&#x940;&#x930;'</subfield>
  </datafield>
  <datafield tag="260" ind1=" " ind2=" ">
    <subfield code="a">&#x928;&#x908; &#x926;&#x93F;&#x932;&#x94D;&#x932;&#x940;</subfield>
    <subfield code="b">&#x92E;&#x93F;&#x924;&#x94D;&#x924;&#x932; &#x92C;&#x941;&#x915; &#x90F;&#x91C;&#x947;&#x928;&#x94D;&#x938;&#x940;</subfield>
    <subfield code="c">2015</subfield>
  </datafield>
  <datafield tag="260" ind1=" " ind2=" ">
    <subfield code="a">&#x928;&#x908; &#x926;&#x93F;&#x932;&#x94D;&#x932;&#x940;</subfield>
    <subfield code="b">&#x92E;&#x93F;&#x924;&#x94D;&#x924;&#x932; &#x92C;&#x941;&#x915; &#x90F;&#x91C;&#x947;&#x928;&#x94D;&#x938;&#x940;</subfield>
    <subfield code="c">2017</subfield>
  </datafield>
  <datafield tag="270" ind1=" " ind2=" ">
    <subfield code="b">&#x928;&#x908; &#x926;&#x93F;&#x932;&#x94D;&#x932;&#x940;</subfield>
    <subfield code="e">110002</subfield>
    <subfield code="a">3072/5, &#x917;&#x94B;&#x932;&#x93E; &#x92E;&#x93E;&#x930;&#x94D;&#x915;&#x947;&#x91F; &#x926;&#x930;&#x93F;&#x92F;&#x93E; &#x917;&#x902;&#x91C;</subfield>
  </datafield>
  <datafield tag="300" ind1=" " ind2=" ">
    <subfield code="a">192&#x92A;&#x943;.</subfield>
    <subfield code="c">22 &#x938;&#x947;&#x92E;&#x940;.(&#x938;&#x91C;&#x93F;&#x932;&#x94D;&#x926;)</subfield>
  </datafield>
  <datafield tag="942" ind1=" " ind2=" ">
    <subfield code="2">ddc</subfield>
    <subfield code="c">HN</subfield>
    <subfield code="h">000</subfield>
    <subfield code="m">&#x938;&#x902;&#x91C;&#x92F; </subfield>
  </datafield>
  <datafield tag="999" ind1=" " ind2=" ">
    <subfield code="c">103335</subfield>
    <subfield code="d">103335</subfield>
  </datafield>
  <datafield tag="952" ind1=" " ind2=" ">
    <subfield code="0">0</subfield>
    <subfield code="1">0</subfield>
    <subfield code="4">0</subfield>
    <subfield code="7">1</subfield>
    <subfield code="8">NFIC</subfield>
    <subfield code="a">DBAD</subfield>
    <subfield code="b">BN</subfield>
    <subfield code="d">2016-09-15</subfield>
    <subfield code="e">DBAD/PUB</subfield>
    <subfield code="g">400.00</subfield>
    <subfield code="l">0</subfield>
    <subfield code="o">000 &#x938;&#x902;&#x91C;&#x92F;</subfield>
    <subfield code="p">HN-81536</subfield>
    <subfield code="r">2016-09-15 00:00:00</subfield>
    <subfield code="t">1</subfield>
    <subfield code="v">400.00</subfield>
    <subfield code="y">HN</subfield>
  </datafield>
  <datafield tag="952" ind1=" " ind2=" ">
    <subfield code="0">0</subfield>
    <subfield code="1">0</subfield>
    <subfield code="4">0</subfield>
    <subfield code="7">0</subfield>
    <subfield code="8">NFIC</subfield>
    <subfield code="a">AV</subfield>
    <subfield code="b">AV</subfield>
    <subfield code="d">2018-01-10</subfield>
    <subfield code="e">&#x915;&#x947;.&#x92C;&#x940;.&#x921;&#x940;./BL28/04.03.17/560/16.02.17/10.03.17</subfield>
    <subfield code="g">400.00</subfield>
    <subfield code="l">6</subfield>
    <subfield code="m">1</subfield>
    <subfield code="o">000 &#x938;&#x902;&#x91C;&#x92F;</subfield>
    <subfield code="p">B-666762</subfield>
    <subfield code="r">2018-11-14 00:00:00</subfield>
    <subfield code="s">2018-10-27</subfield>
    <subfield code="t">1</subfield>
    <subfield code="v">400.00</subfield>
    <subfield code="w">2018-01-10</subfield>
    <subfield code="y">HN</subfield>
  </datafield>
</record>
